| 000 | 00500nam a22001817a 4500 | ||
|---|---|---|---|
| 008 | 220307b |||||||| |||| 00| 0 eng d | ||
| 020 | _a1473725508 | ||
| 050 |
_aHG3881 _b.M33 2017 |
||
| 100 | _aMadura, Jeff | ||
| 245 |
_aInternational Financial Management _cJeff Madura |
||
| 250 | _a4th ed. | ||
| 260 |
_aAustralia _bCengage Learning _c2017 |
||
| 300 | _axix, 679p. | ||
| 650 | _aInternational finance | ||
| 650 |
_aAsset _vliability management |
||
| 700 | _aFox, Roland | ||
| 942 |
_2lcc _cBK |
||
| 999 |
_c19248 _d19247 |
||